000 00694cam a2200205 4500
001 ABS62286
008 000000n2000 000 0 eng u
035 _a(Sirsi) u106348
100 _aSchumann, N.
245 _aSpecification: the essential tool
260 _c2000
490 _aBuilding
_v265(8137) 19 May 2000, 80(1)
520 _aConsiders the importance of the specification as a key document in the construction process as a tool to maintain quality control, check compliance and reduce disputes.
590 _aABS
650 _aSPECIFICATION
650 _aCONTRACT DOCUMENTS
650 _aCONSTRUCTION PROCESS
690 _aBUILDING AND CONSTRUCTION-MANAGEMENT
942 _n0
999 _c63697
_d63697